Rivalry and brotherhood : (Record no. 20796)

MARC details
000 -LEADER
fixed length control field 01241cam a2200337 a 4500
001 - CONTROL NUMBER
control field 1194573
003 - CONTROL NUMBER IDENTIFIER
control field BDDh-ASL
005 - DATE AND TIME OF LATEST TRANSACTION
control field 20231015025934.0
008 - FIXED-LENGTH DATA ELEMENTS--GENERAL INFORMATION
fixed length control field 970612s1997 ii a b 001 0 eng
010 ## - LIBRARY OF CONGRESS CONTROL NUMBER
LC control number 97901695
020 ## - INTERNATIONAL STANDARD BOOK NUMBER
International Standard Book Number 0195641019
025 ## - OVERSEAS ACQUISITION NUMBER
Overseas acquisition number I-E-97-901695; 63-92
040 ## - CATALOGING SOURCE
Original cataloging agency DLC
Transcribing agency DLC
Modifying agency DLC
-- BDDh-ASL
042 ## - AUTHENTICATION CODE
Authentication code lcode
043 ## - GEOGRAPHIC AREA CODE
Geographic area code a-ii---
050 00 - LIBRARY OF CONGRESS CALL NUMBER
Classification number HD1537.I4
Item number G857 1997
082 ## - DEWEY DECIMAL CLASSIFICATION NUMBER
Classification number 954.73
Item number GUR
100 1# - MAIN ENTRY--PERSONAL NAME
Personal name Gupta, Dipankar,
Dates associated with a name 1949-
245 10 - TITLE STATEMENT
Title Rivalry and brotherhood :
Remainder of title politics in the life of farmers in northern India /
Statement of responsibility, etc. Dipankar Gupta.
246 14 - VARYING FORM OF TITLE
Title proper/short title Rivalry & brotherhood
260 ## - PUBLICATION, DISTRIBUTION, ETC.
Place of publication, distribution, etc. Delhi ;
-- New York :
Name of publisher, distributor, etc. Oxford University Press,
Date of publication, distribution, etc. 1997.
300 ## - PHYSICAL DESCRIPTION
Extent xi, 218 p. :
Other physical details ill. ;
Dimensions 23 cm.
504 ## - BIBLIOGRAPHY, ETC. NOTE
Bibliography, etc. note Includes bibliographical references (p. [207]-213) and index.
520 ## - SUMMARY, ETC.
Summary, etc. A study with particular reference to the Bharatiya Kisan Union, a peasant movement, and the Jat farmers of western Uttar Pradesh.
610 20 - SUBJECT ADDED ENTRY--CORPORATE NAME
Corporate name or jurisdiction name as entry element Bharatiya Kisan Union
General subdivision History.
650 #0 - SUBJECT ADDED ENTRY--TOPICAL TERM
Topical term or geographic name entry element Peasants
General subdivision Political activity
Geographic subdivision India
General subdivision History.
650 #0 - SUBJECT ADDED ENTRY--TOPICAL TERM
Topical term or geographic name entry element Jats
Geographic subdivision India
General subdivision Politics and government.
906 ## - LOCAL DATA ELEMENT F, LDF (RLIN)
a 7
b cbc
c origode
d 3
e ncip
f 19
g y-gencatlg
942 ## - ADDED ENTRY ELEMENTS (KOHA)
Source of classification or shelving scheme Dewey Decimal Classification
Koha item type Books
Holdings
Withdrawn status Lost status Source of classification or shelving scheme Damaged status Not for loan Collection code Home library Current library Shelving location Date acquired Source of acquisition Total Checkouts Full call number Barcode Date last seen Copy number Price effective from Koha item type Public note
    Dewey Decimal Classification   Not For Loan Non-fiction Asiatic Society Library Asiatic Society Library Ludden Collection 01/14/2021 Donated by Prof. David Ludden   954.73 GUR 104296 01/14/2021 C-1 01/14/2021 Books RARE

Powered by Koha